[Event "WCO2014"]
[Site "Tromso"]
[Date "2014.08.09"]
[Round "7.12"]
[WhiteID "6500986"]
[White "Fallas Marin Betzy"]
[BlackID "9305335"]
[Black "Al Dhaffari Salma"]
[Result "0-1"]
[LiveChessVersion "1.4.3"]
[BlackElo "1599"]
[WhiteElo "1715"]

1. c4 {[%clk 1:30:57]} e5 {[%clk 1:30:48]} 2. g3 {[%clk 1:31:20]} d6
{[%clk 1:30:21]} 3. Bg2 {[%clk 1:31:42]} f5 {[%clk 1:29:46]} 4. d3
{[%clk 1:30:59]} Nf6 {[%clk 1:29:48]} 5. Nc3 {[%clk 1:30:51]} g6 {[%clk 1:26:36]}
6. Bg5 {[%clk 1:23:46]} Bg7 {[%clk 1:25:55]} 7. Nd5 {[%clk 1:21:49]} c6
{[%clk 1:22:28]} 8. Nxf6+ {[%clk 1:18:32]} Bxf6 {[%clk 1:22:47]} 9. Bxf6
{[%clk 1:15:27]} Qxf6 {[%clk 1:23:07]} 10. Nf3 {[%clk 1:14:52]} O-O
{[%clk 1:20:03]} 11. O-O {[%clk 1:13:33]} Na6 {[%clk 1:19:27]} 12. Rb1
{[%clk 1:09:19]} Nc7 {[%clk 1:16:55]} 13. b4 {[%clk 1:06:38]} d5 {[%clk 1:16:17]}
14. cxd5 {[%clk 1:05:13]} cxd5 {[%clk 1:15:01]} 15. d4 {[%clk 1:02:10]} e4
{[%clk 1:13:51]} 16. Ne5 {[%clk 1:02:19]} f4 {[%clk 1:02:49]} 17. Qb3
{[%clk 0:59:19]} Be6 {[%clk 0:59:25]} 18. a4 {[%clk 0:57:21]} g5 {[%clk 0:55:06]}
19. Rbc1 {[%clk 0:54:27]} Ne8 {[%clk 0:48:28]} 20. Rc3 {[%clk 0:48:21]} Nd6
{[%clk 0:39:14]} 21. Rfc1 {[%clk 0:38:46]} fxg3 {[%clk 0:33:03]} 22. Rxg3
{[%clk 0:35:25]} Qxf2+ {[%clk 0:33:02]} 23. Kh1 {[%clk 0:35:47]} h6
{[%clk 0:26:07]} 24. Qe3 {[%clk 0:24:07]} Qxe3 {[%clk 0:23:12]} 25. Rxe3
{[%clk 0:24:27]} Nf5 {[%clk 0:22:43]} 26. Bh3 {[%clk 0:22:44]} Nxe3
{[%clk 0:11:41]} 27. Bxe6+ {[%clk 0:22:53]} Kg7 {[%clk 0:12:05]} 28. Rc7+
{[%clk 0:21:58]} Kf6 {[%clk 0:08:08]} 29. Bh3 {[%clk 0:19:12]} g4
{[%clk 0:06:10]} 30. Nd7+ {[%clk 0:16:24]} Kg6 {[%clk 0:05:58]} 31. Nxf8+
{[%clk 0:13:18]} Rxf8 {[%clk 0:06:21]} 32. Bg2 {[%clk 0:06:10]} Rf2
{[%clk 0:06:38]} 33. Rc3 {[%clk 0:05:57]} Nxg2 {[%clk 0:06:21]} 34. Rg3
{[%clk 0:05:48]} Nf4 {[%clk 0:05:36]} 35. Rxg4+ {[%clk 0:02:59]} Kf5
{[%clk 0:05:57]} 36. Rg7 {[%clk 0:02:01]} 0-1

[Event "WCO2014"]
[Site "Tromso"]
[Date "2014.08.09"]
[Round "7.6"]
[WhiteID "4700562"]
[White "Shabanaj Eglantina"]
[BlackID "10000445"]
[Black "Namaganda Christine"]
[Result "1-0"]
[LiveChessVersion "1.4.3"]
[BlackElo "1536"]
[WhiteElo "2033"]

1. Nf3 {[%clk 1:30:59]} Nf6 {[%clk 1:30:38]} 2. Nc3 {[%clk 1:31:16]} g6
{[%clk 1:29:53]} 3. e4 {[%clk 1:31:41]} d6 {[%clk 1:30:14]} 4. d4
{[%clk 1:32:01]} Bg7 {[%clk 1:30:28]} 5. Be2 {[%clk 1:32:24]} Bg4
{[%clk 1:29:18]} 6. Be3 {[%clk 1:32:11]} Nc6 {[%clk 1:26:38]} 7. O-O
{[%clk 1:27:02]} e5 {[%clk 1:25:07]} 8. dxe5 {[%clk 1:26:02]} dxe5
{[%clk 1:14:10]} 9. Qc1 {[%clk 1:19:34]} Bxf3 {[%clk 1:13:29]} 10. Bxf3
{[%clk 1:19:34]} Nd4 {[%clk 1:09:28]} 11. Bxd4 {[%clk 1:18:00]} exd4
{[%clk 1:08:54]} 12. Rd1 {[%clk 1:16:59]} O-O {[%clk 1:07:57]} 13. Nb5
{[%clk 1:13:39]} c5 {[%clk 1:07:16]} 14. Qg5 {[%clk 1:11:31]} Qb6
{[%clk 1:05:58]} 15. a4 {[%clk 1:09:41]} a6 {[%clk 0:59:17]} 16. Na3
{[%clk 1:10:31]} Qb4 {[%clk 0:55:03]} 17. b3 {[%clk 1:07:18]} Rfe8
{[%clk 0:49:40]} 18. Re1 {[%clk 0:57:33]} Nd7 {[%clk 0:46:34]} 19. Nc4
{[%clk 0:51:03]} d3 {[%clk 0:41:27]} 20. e5 {[%clk 0:50:38]} Nxe5
{[%clk 0:38:12]} 21. Nxe5 {[%clk 0:50:12]} h6 {[%clk 0:35:49]} 22. Qg3
{[%clk 0:49:21]} dxc2 {[%clk 0:31:13]} 23. Bd5 {[%clk 0:49:14]} Bxe5
{[%clk 0:27:14]} 24. Qxg6+ {[%clk 0:48:16]} Bg7 {[%clk 0:22:57]} 25. Qxf7+
{[%clk 0:46:26]} Kh7 {[%clk 0:21:48]} 26. Rxe8 {[%clk 0:46:29]} Rxe8
{[%clk 0:21:38]} 27. Qxe8 {[%clk 0:46:53]} Qd4 {[%clk 0:16:09]} 28. Bg8+
{[%clk 0:44:59]} 1-0

[Event "WCO2014"]
[Site "Tromso"]
[Date "2014.08.09"]
[Round "7.7"]
[WhiteID "10000313"]
[White "Kigeni Grace"]
[BlackID "4701100"]
[Black "Tuzi Bruna"]
[Result "0-1"]
[LiveChessVersion "1.4.3"]
[BlackElo "1759"]
[WhiteElo "1676"]

1. d4 {[%clk 1:30:55]} d5 {[%clk 1:30:50]} 2. Nf3 {[%clk 1:31:18]} Nf6
{[%clk 1:31:04]} 3. e3 {[%clk 1:31:41]} e6 {[%clk 1:31:22]} 4. Bd3
{[%clk 1:32:05]} Be7 {[%clk 1:31:40]} 5. Nbd2 {[%clk 1:32:28]} O-O
{[%clk 1:31:51]} 6. O-O {[%clk 1:32:54]} c5 {[%clk 1:31:39]} 7. c3
{[%clk 1:33:16]} Nbd7 {[%clk 1:31:34]} 8. Re1 {[%clk 1:30:45]} b6
{[%clk 1:31:45]} 9. e4 {[%clk 1:28:30]} dxe4 {[%clk 1:29:24]} 10. Nxe4
{[%clk 1:28:09]} Bb7 {[%clk 1:29:22]} 11. Bf4 {[%clk 1:19:08]} cxd4
{[%clk 1:25:50]} 12. cxd4 {[%clk 1:15:43]} Nxe4 {[%clk 1:25:22]} 13. Bxe4
{[%clk 1:15:56]} Bxe4 {[%clk 1:25:41]} 14. Rxe4 {[%clk 1:16:07]} Nf6
{[%clk 1:26:01]} 15. Re2 {[%clk 1:14:03]} Nd5 {[%clk 1:21:29]} 16. Bg3
{[%clk 1:12:48]} Bd6 {[%clk 1:19:52]} 17. Bxd6 {[%clk 1:05:54]} Qxd6
{[%clk 1:17:20]} 18. Rc1 {[%clk 1:02:35]} Rfd8 {[%clk 1:12:15]} 19. a3
{[%clk 0:57:23]} Ne7 {[%clk 1:10:24]} 20. Rd2 {[%clk 0:47:35]} Rd7
{[%clk 1:01:03]} 21. Ne5 {[%clk 0:41:11]} Rdd8 {[%clk 0:58:38]} 22. Qf3
{[%clk 0:32:57]} f6 {[%clk 0:51:23]} 23. Nc6 {[%clk 0:25:22]} Nxc6
{[%clk 0:40:05]} 24. Rxc6 {[%clk 0:25:22]} Qd7 {[%clk 0:40:14]} 25. Qc3
{[%clk 0:21:21]} Rac8 {[%clk 0:37:46]} 26. Rxc8 {[%clk 0:20:24]} Rxc8
{[%clk 0:37:55]} 27. Qb3 {[%clk 0:17:37]} Kf8 {[%clk 0:37:12]} 28. h3
{[%clk 0:15:16]} Rc1+ {[%clk 0:30:36]} 29. Kh2 {[%clk 0:14:28]} Qd6+
{[%clk 0:26:21]} 30. Qg3 {[%clk 0:14:00]} Qxg3+ {[%clk 0:25:46]} 31. Kxg3
{[%clk 0:14:17]} Ke7 {[%clk 0:26:08]} 32. d5 {[%clk 0:12:18]} e5 {[%clk 0:26:25]}
33. Kf3 {[%clk 0:11:10]} Kd6 {[%clk 0:26:45]} 34. Ke4 {[%clk 0:06:03]} Rc4+
{[%clk 0:27:02]} 35. Ke3 {[%clk 0:06:13]} f5 {[%clk 0:26:03]} 36. g3
{[%clk 0:02:47]} g5 {[%clk 0:25:02]} 37. f3 {[%clk 0:01:17]} f4+ {[%clk 0:17:14]}
38. gxf4 {[%clk 0:01:04]} gxf4+ {[%clk 0:17:31]} 39. Ke2 {[%clk 0:01:07]} Rc5
{[%clk 0:17:22]} 40. Kf2 {[%clk 0:00:39]} Rxd5 {[%clk 0:17:08]} 41. Rc2
{[%clk 0:00:58]} a5 {[%clk 0:15:40]} 42. Ke2 {[%clk 0:28:45]} Rb5
{[%clk 0:45:35]} 43. h4 {[%clk 0:26:17]} h5 {[%clk 0:45:51]} 44. Kd3
{[%clk 0:19:33]} Kd5 {[%clk 0:39:29]} 45. Rd2 {[%clk 0:18:27]} Rb3+
{[%clk 0:32:50]} 46. Kc2+ {[%clk 0:17:05]} Kc4 {[%clk 0:33:15]} 47. Rf2
{[%clk 0:16:28]} Re3 {[%clk 0:33:15]} 48. Kd2 {[%clk 0:10:24]} a4
{[%clk 0:32:59]} 49. Kc2 {[%clk 0:10:15]} Rb3 {[%clk 0:32:44]} 50. Kd1
{[%clk 0:09:19]} Kd4 {[%clk 0:32:33]} 51. Ke1 {[%clk 0:08:13]} b5
{[%clk 0:30:32]} 52. Rd2+ {[%clk 0:08:17]} Rd3 {[%clk 0:30:31]} 53. Rf2
{[%clk 0:08:13]} e4 {[%clk 0:30:44]} 54. fxe4 {[%clk 0:07:34]} Kxe4
{[%clk 0:31:10]} 55. Ke2 {[%clk 0:05:11]} Rh3 {[%clk 0:31:21]} 56. Kf1
{[%clk 0:02:49]} f3 {[%clk 0:31:31]} 57. Kg1 {[%clk 0:01:57]} Rxh4
{[%clk 0:31:53]} 58. Rc2 {[%clk 0:02:00]} Rg4+ {[%clk 0:31:57]} 59. Kf1
{[%clk 0:02:06]} Rg5 {[%clk 0:31:52]} 60. Rc3 {[%clk 0:01:47]} h4
{[%clk 0:32:11]} 61. b3 {[%clk 0:01:24]} h3 {[%clk 0:32:08]} 62. bxa4
{[%clk 0:01:34]} h2 {[%clk 0:32:29]} 0-1

[Event "WCO2014"]
[Site "Tromso"]
[Date "2014.08.09"]
[Round "7.8"]
[WhiteID "4700597"]
[White "Shabanaj Alda"]
[BlackID "10000399"]
[Black "Mutesi Phiona"]
[Result "1-0"]
[LiveChessVersion "1.4.3"]
[BlackElo "1632"]
[WhiteElo "1881"]

1. d4 {[%clk 1:30:57]} f5 {[%clk 1:30:48]} 2. c4 {[%clk 1:31:09]} e6
{[%clk 1:31:01]} 3. Nf3 {[%clk 1:31:29]} Nf6 {[%clk 1:30:55]} 4. g3
{[%clk 1:31:51]} Be7 {[%clk 1:30:20]} 5. Bg2 {[%clk 1:32:13]} O-O
{[%clk 1:29:32]} 6. O-O {[%clk 1:32:12]} c6 {[%clk 1:29:06]} 7. Nc3
{[%clk 1:31:21]} d5 {[%clk 1:27:53]} 8. Ne5 {[%clk 1:26:34]} Nbd7
{[%clk 1:26:22]} 9. cxd5 {[%clk 1:25:46]} exd5 {[%clk 1:24:57]} 10. Bf4
{[%clk 1:23:36]} Qe8 {[%clk 1:20:06]} 11. f3 {[%clk 1:17:35]} Nh5
{[%clk 1:12:38]} 12. Nxd7 {[%clk 1:17:04]} Bxd7 {[%clk 1:11:41]} 13. Be5
{[%clk 1:17:11]} Qg6 {[%clk 1:09:19]} 14. Qb3 {[%clk 1:15:45]} b5
{[%clk 1:04:25]} 15. e4 {[%clk 1:08:28]} b4 {[%clk 0:53:08]} 16. Ne2
{[%clk 1:06:42]} Be6 {[%clk 0:53:02]} 17. exf5 {[%clk 1:00:48]} Bxf5
{[%clk 0:37:35]} 18. g4 {[%clk 1:01:10]} Bxg4 {[%clk 0:37:10]} 19. fxg4
{[%clk 1:01:27]} Qxg4 {[%clk 0:37:06]} 20. Ng3 {[%clk 1:01:02]} Nxg3
{[%clk 0:32:30]} 21. Qxg3 {[%clk 1:01:12]} Qxg3 {[%clk 0:31:38]} 22. hxg3
{[%clk 1:01:04]} Bg5 {[%clk 0:28:02]} 23. Kh2 {[%clk 0:54:52]} a5
{[%clk 0:18:25]} 24. Bh3 {[%clk 0:54:34]} h6 {[%clk 0:15:07]} 25. Bd7
{[%clk 0:54:06]} Ra6 {[%clk 0:13:50]} 26. Be6+ {[%clk 0:53:43]} 1-0

[Event "WCO2014"]
[Site "Tromso"]
[Date "2014.08.09"]
[Round "7.1"]
[WhiteID "2401312"]
[White "Milligan Helen"]
[BlackID "1503260"]
[Black "Skytte Torill"]
[Result "1/2-1/2"]
[LiveChessVersion "1.4.3"]
[BlackElo "1991"]
[WhiteElo "1938"]

1. e4 {[%clk 1:30:57]} e6 {[%clk 1:30:54]} 2. d4 {[%clk 1:31:23]} d5
{[%clk 1:31:14]} 3. Nc3 {[%clk 1:31:46]} Nf6 {[%clk 1:31:27]} 4. e5
{[%clk 1:31:22]} Nfd7 {[%clk 1:31:51]} 5. f4 {[%clk 1:31:21]} c5 {[%clk 1:32:04]}
6. Nf3 {[%clk 1:31:37]} Nc6 {[%clk 1:32:28]} 7. Be3 {[%clk 1:31:35]} a6
{[%clk 1:32:23]} 8. Qd2 {[%clk 1:27:58]} b5 {[%clk 1:32:22]} 9. dxc5
{[%clk 1:26:27]} Bxc5 {[%clk 1:31:28]} 10. Ne2 {[%clk 1:16:52]} Qb6
{[%clk 1:22:38]} 11. Ned4 {[%clk 1:11:10]} Nxd4 {[%clk 1:21:11]} 12. Bxd4
{[%clk 1:09:37]} b4 {[%clk 1:13:16]} 13. Be2 {[%clk 1:04:06]} a5 {[%clk 1:11:32]}
14. O-O {[%clk 1:01:53]} Ba6 {[%clk 1:08:36]} 15. Bxa6 {[%clk 1:02:01]} Rxa6
{[%clk 1:08:31]} 16. Kh1 {[%clk 1:01:11]} O-O {[%clk 1:08:00]} 17. a3
{[%clk 0:57:23]} Rc8 {[%clk 1:01:43]} 18. Rfc1 {[%clk 0:51:25]} Bxd4
{[%clk 0:55:05]} 19. Qxd4 {[%clk 0:48:33]} Qxd4 {[%clk 0:49:54]} 20. Nxd4
{[%clk 0:48:55]} Rc4 {[%clk 0:49:00]} 21. Rd1 {[%clk 0:49:03]} bxa3
{[%clk 0:44:05]} 22. Rxa3 {[%clk 0:48:48]} Nc5 {[%clk 0:42:55]} 23. Kg1
{[%clk 0:46:50]} h6 {[%clk 0:41:35]} 24. Kf2 {[%clk 0:45:01]} Ne4+
{[%clk 0:39:34]} 25. Ke3 {[%clk 0:42:58]} Rb6 {[%clk 0:37:13]} 26. b3
{[%clk 0:39:41]} Rc5 {[%clk 0:36:34]} 27. Rda1 {[%clk 0:33:25]} Rb4
{[%clk 0:32:43]} 28. Ra4 {[%clk 0:28:52]} Rc3+ {[%clk 0:28:22]} 29. Ke2
{[%clk 0:29:08]} Rxa4 {[%clk 0:27:04]} 30. Rxa4 {[%clk 0:27:32]} Rc5
{[%clk 0:27:09]} 31. Ke3 {[%clk 0:25:53]} Rc3+ {[%clk 0:22:40]} 1/2-1/2

[Event "WCO2014"]
[Site "Tromso"]
[Date "2014.08.09"]
[Round "7.2"]
[WhiteID "1511599"]
[White "Kyrkjebo Hanna B."]
[BlackID "4302257"]
[Black "Gao Judy"]
[Result "1-0"]
[LiveChessVersion "1.4.3"]
[BlackElo "1947"]
[WhiteElo "1756"]

1. e4 {[%clk 1:30:57]} c6 {[%clk 1:30:54]} 2. d4 {[%clk 1:31:22]} d5
{[%clk 1:31:19]} 3. Nc3 {[%clk 1:31:45]} dxe4 {[%clk 1:31:40]} 4. Nxe4
{[%clk 1:32:06]} Bf5 {[%clk 1:32:01]} 5. Ng3 {[%clk 1:32:28]} Bg6
{[%clk 1:32:26]} 6. h4 {[%clk 1:32:47]} h6 {[%clk 1:32:51]} 7. Nh3
{[%clk 1:33:02]} Nf6 {[%clk 1:31:51]} 8. Nf4 {[%clk 1:33:14]} Bh7
{[%clk 1:31:51]} 9. Bc4 {[%clk 1:33:22]} e6 {[%clk 1:29:59]} 10. O-O
{[%clk 1:33:16]} Nd5 {[%clk 1:22:07]} 11. Bxd5 {[%clk 1:32:39]} cxd5
{[%clk 1:19:55]} 12. Qh5 {[%clk 1:32:36]} Qf6 {[%clk 1:08:15]} 13. Re1
{[%clk 1:29:47]} Kd7 {[%clk 1:00:34]} 14. Nxd5 {[%clk 1:03:42]} Qg6
{[%clk 0:30:11]} 15. Qf3 {[%clk 0:51:01]} Nc6 {[%clk 0:22:01]} 16. h5
{[%clk 0:45:25]} Nxd4 {[%clk 0:14:56]} 17. hxg6 {[%clk 0:43:53]} Nxf3+
{[%clk 0:15:15]} 18. gxf3 {[%clk 0:44:07]} Bxg6 {[%clk 0:15:26]} 19. Ne3
{[%clk 0:44:05]} Bc5 {[%clk 0:14:01]} 20. c3 {[%clk 0:42:40]} Rad8
{[%clk 0:12:44]} 21. b4 {[%clk 0:38:53]} Be7 {[%clk 0:10:20]} 22. Nc4
{[%clk 0:34:59]} Bf6 {[%clk 0:08:32]} 23. Ne5+ {[%clk 0:31:31]} Ke7
{[%clk 0:06:57]} 24. f4 {[%clk 0:23:52]} h5 {[%clk 0:05:40]} 25. Be3
{[%clk 0:18:18]} Bxe5 {[%clk 0:04:08]} 26. fxe5 {[%clk 0:18:08]} b6
{[%clk 0:04:06]} 27. Bd4 {[%clk 0:15:09]} Rc8 {[%clk 0:03:36]} 28. Ne4
{[%clk 0:14:51]} Bxe4 {[%clk 0:03:19]} 29. Rxe4 {[%clk 0:15:12]} g5
{[%clk 0:02:50]} 30. Kg2 {[%clk 0:13:41]} Kf8 {[%clk 0:02:21]} 31. a4
{[%clk 0:10:08]} Rc7 {[%clk 0:01:44]} 32. a5 {[%clk 0:07:14]} b5 {[%clk 0:01:58]}
33. a6 {[%clk 0:06:44]} Kg7 {[%clk 0:02:16]} 34. Bc5 {[%clk 0:04:38]} Kg6
{[%clk 0:01:52]} 35. Ra5 {[%clk 0:02:55]} Kf5 {[%clk 0:01:20]} 36. Re3
{[%clk 0:02:12]} h4 {[%clk 0:01:35]} 37. Rxb5 {[%clk 0:01:36]} g4
{[%clk 0:01:07]} 38. Rb7 {[%clk 0:01:03]} Rxb7 {[%clk 0:01:01]} 39. axb7
{[%clk 0:01:26]} Rb8 {[%clk 0:00:57]} 40. Bxa7 {[%clk 0:01:21]} Rxb7
{[%clk 0:01:21]} 41. Bc5 {[%clk 0:30:07]} Rd7 {[%clk 0:28:15]} 42. Bd4
{[%clk 0:28:37]} Kf4 {[%clk 0:23:57]} 43. Rd3 {[%clk 0:23:28]} Ke4
{[%clk 0:22:05]} 44. Rd1 {[%clk 0:22:39]} Rd8 {[%clk 0:20:06]} 45. b5
{[%clk 0:21:08]} Ra8 {[%clk 0:14:06]} 46. Rd2 {[%clk 0:18:53]} Kd5
{[%clk 0:11:56]} 47. Ba7+ {[%clk 0:11:41]} Kxe5 {[%clk 0:08:26]} 48. b6
{[%clk 0:11:45]} 1-0

[Event "WCO2014"]
[Site "Tromso"]
[Date "2014.08.09"]
[Round "7.3"]
[WhiteID "4302605"]
[White "Tsoi Nicole"]
[BlackID "1510550"]
[Black "Rodsmoen Maud"]
[Result "0-1"]
[LiveChessVersion "1.4.3"]
[BlackElo "1805"]
[WhiteElo "1787"]

1. d4 {[%clk 1:30:58]} Nf6 {[%clk 1:30:56]} 2. Bf4 {[%clk 1:31:23]} d6
{[%clk 1:31:23]} 3. e3 {[%clk 1:31:40]} g6 {[%clk 1:31:49]} 4. Nf3
{[%clk 1:31:30]} Bg7 {[%clk 1:32:12]} 5. Be2 {[%clk 1:30:22]} O-O
{[%clk 1:32:37]} 6. h3 {[%clk 1:30:08]} Nfd7 {[%clk 1:32:12]} 7. O-O
{[%clk 1:26:51]} e5 {[%clk 1:31:07]} 8. Bh2 {[%clk 1:25:59]} Nc6 {[%clk 1:30:32]}
9. c3 {[%clk 1:21:11]} Qe7 {[%clk 1:29:01]} 10. Re1 {[%clk 1:18:27]} f5
{[%clk 1:26:40]} 11. Bc4+ {[%clk 1:14:26]} Kh8 {[%clk 1:26:52]} 12. b4
{[%clk 1:07:25]} a6 {[%clk 1:19:59]} 13. a4 {[%clk 1:04:39]} g5 {[%clk 1:09:50]}
14. Ra2 {[%clk 0:51:25]} Qf6 {[%clk 1:03:18]} 15. Bg3 {[%clk 0:47:21]} h6
{[%clk 0:55:59]} 16. Na3 {[%clk 0:36:32]} Ne7 {[%clk 0:48:55]} 17. Bb3
{[%clk 0:27:31]} Qg6 {[%clk 0:24:18]} 18. Nc4 {[%clk 0:14:29]} e4
{[%clk 0:23:10]} 19. Nfd2 {[%clk 0:11:53]} d5 {[%clk 0:20:46]} 20. Nb2
{[%clk 0:06:41]} f4 {[%clk 0:18:16]} 21. Bh2 {[%clk 0:05:52]} c6 {[%clk 0:16:45]}
22. c4 {[%clk 0:06:03]} Nb8 {[%clk 0:15:16]} 23. Qc1 {[%clk 0:04:58]} Be6
{[%clk 0:11:08]} 24. a5 {[%clk 0:04:20]} Nd7 {[%clk 0:10:47]} 25. Na4
{[%clk 0:04:27]} Rac8 {[%clk 0:08:44]} 26. Nc5 {[%clk 0:03:24]} Nxc5
{[%clk 0:09:05]} 27. bxc5 {[%clk 0:03:46]} Qf7 {[%clk 0:07:02]} 28. exf4
{[%clk 0:01:19]} Bxd4 {[%clk 0:06:01]} 29. cxd5 {[%clk 0:00:42]} cxd5
{[%clk 0:06:10]} 30. Rc2 {[%clk 0:00:49]} Nc6 {[%clk 0:05:21]} 31. Nf1
{[%clk 0:00:47]} Nb4 {[%clk 0:03:46]} 32. Rd2 {[%clk 0:00:40]} Bxc5
{[%clk 0:01:59]} 33. Qa1+ {[%clk 0:00:50]} Kg8 {[%clk 0:02:17]} 34. Ne3
{[%clk 0:00:55]} gxf4 {[%clk 0:02:10]} 35. Nd1 {[%clk 0:00:31]} Nd3
{[%clk 0:01:25]} 36. Rf1 {[%clk 0:00:41]} Bb4 {[%clk 0:01:21]} 37. Rc2
{[%clk 0:00:43]} Bd6 {[%clk 0:00:50]} 38. Qb1 {[%clk 0:00:33]} Be5
{[%clk 0:00:49]} 39. Ba2 {[%clk 0:30:59]} 0-1

[Event "WCO2014"]
[Site "Tromso"]
[Date "2014.08.09"]
[Round "7.4"]
[WhiteID "1516493"]
[White "Jacobsen Elise Sjottem"]
[BlackID "4303733"]
[Black "Timergazi Layla"]
[Result "1/2-1/2"]
[LiveChessVersion "1.4.3"]
[BlackElo "1874"]
[WhiteElo "1697"]

1. e4 {[%clk 1:30:59]} c6 {[%clk 1:30:54]} 2. d4 d5 {[%clk 1:31:18]} 3. Nc3
{[%clk 1:31:50]} dxe4 {[%clk 1:31:41]} 4. Nxe4 {[%clk 1:32:18]} Bf5
{[%clk 1:31:57]} 5. Ng3 {[%clk 1:32:39]} Bg6 {[%clk 1:32:22]} 6. h4
{[%clk 1:33:00]} h6 {[%clk 1:32:43]} 7. Nh3 {[%clk 1:33:25]} Nf6 {[%clk 1:32:05]}
8. Nf4 {[%clk 1:33:29]} Bh7 {[%clk 1:32:01]} 9. Bc4 {[%clk 1:33:42]} e6
{[%clk 1:30:15]} 10. O-O {[%clk 1:33:36]} Bd6 {[%clk 1:27:33]} 11. Re1
{[%clk 1:32:45]} O-O {[%clk 1:25:16]} 12. Ngh5 {[%clk 1:31:59]} Nxh5
{[%clk 1:22:04]} 13. Nxh5 {[%clk 1:32:08]} Qxh4 {[%clk 1:20:31]} 14. g3
{[%clk 1:32:28]} Qe7 {[%clk 1:13:04]} 15. Qg4 {[%clk 1:32:41]} Bg6
{[%clk 1:09:30]} 16. Bxh6 {[%clk 1:32:14]} gxh6 {[%clk 1:08:28]} 17. Rxe6
{[%clk 1:32:17]} fxe6 {[%clk 1:05:58]} 18. Qxg6+ {[%clk 1:32:35]} Kh8
{[%clk 1:05:37]} 19. Re1 {[%clk 1:31:53]} Qh7 {[%clk 0:46:37]} 20. Rxe6
{[%clk 1:31:03]} Bb4 {[%clk 0:40:33]} 21. Qxh6 {[%clk 1:07:31]} Nd7
{[%clk 0:32:28]} 22. Qe3 {[%clk 1:07:05]} Rae8 {[%clk 0:31:22]} 23. Rxe8
{[%clk 1:04:03]} Qxh5 {[%clk 0:31:11]} 24. Rxf8+ {[%clk 1:03:24]} Bxf8
{[%clk 0:31:16]} 25. Qe6 {[%clk 1:00:09]} Qh7 {[%clk 0:30:15]} 26. f4
{[%clk 0:59:00]} Qg7 {[%clk 0:27:59]} 27. Qh3+ {[%clk 0:58:21]} Qh7
{[%clk 0:28:16]} 28. Qe6 {[%clk 0:56:22]} Qg7 {[%clk 0:28:25]} 29. Kg2
{[%clk 0:55:18]} Nf6 {[%clk 0:26:32]} 30. Kf3 {[%clk 0:54:29]} Qh6
{[%clk 0:24:47]} 31. Bf1 {[%clk 0:50:48]} Qh5+ {[%clk 0:23:15]} 32. Ke3
{[%clk 0:47:01]} Qe8 {[%clk 0:21:58]} 33. Bh3 {[%clk 0:44:53]} Qxe6+
{[%clk 0:21:27]} 34. Bxe6 {[%clk 0:45:22]} Kg7 {[%clk 0:21:33]} 35. g4
{[%clk 0:45:28]} Bd6 {[%clk 0:21:01]} 36. c4 {[%clk 0:45:24]} Kg6
{[%clk 0:18:28]} 37. Kf3 {[%clk 0:44:03]} Kg7 {[%clk 0:15:25]} 38. b3
{[%clk 0:40:39]} Kg6 {[%clk 0:14:46]} 39. Ke3 {[%clk 0:39:46]} Kg7
{[%clk 0:14:17]} 40. Kf3 {[%clk 0:39:08]} Kg6 {[%clk 0:14:24]} 41. Bc8
{[%clk 0:34:59]} b6 {[%clk 0:13:53]} 42. Bb7 {[%clk 0:34:55]} c5 {[%clk 0:13:48]}
43. d5 {[%clk 0:34:39]} Bc7 {[%clk 0:11:52]} 44. Bc6 {[%clk 0:34:35]} Bb8
{[%clk 0:11:50]} 45. g5 {[%clk 0:34:07]} Nh7 {[%clk 0:09:58]} 46. Kg4
{[%clk 0:33:42]} Bd6 {[%clk 0:08:50]} 47. Be8+ {[%clk 0:30:33]} Kg7
{[%clk 0:09:08]} 48. f5 {[%clk 0:30:25]} Be7 {[%clk 0:09:04]} 49. f6+
{[%clk 0:26:07]} Nxf6+ {[%clk 0:09:29]} 50. gxf6+ {[%clk 0:26:30]} Kxf6
{[%clk 0:09:53]} 51. Kf4 {[%clk 0:26:46]} 1/2-1/2

[Event "WCO2014"]
[Site "Tromso"]
[Date "2014.08.09"]
[Round "7.1"]
[WhiteID "6400183"]
[White "Hazim Gonzalez Elizabeth"]
[BlackID "7400446"]
[Black "Richards-Porter Deborah"]
[Result "0-1"]
[LiveChessVersion "1.4.3"]
[BlackElo "2024"]
[WhiteElo "1833"]

1. e4 {[%clk 1:30:56]} c5 {[%clk 1:30:56]} 2. Nc3 {[%clk 1:31:19]} Nc6
{[%clk 1:31:09]} 3. g3 {[%clk 1:31:43]} g6 {[%clk 1:31:35]} 4. Bg2
{[%clk 1:32:08]} Bg7 {[%clk 1:31:59]} 5. d3 {[%clk 1:32:34]} Rb8 {[%clk 1:31:28]}
6. Be3 {[%clk 1:32:26]} d6 {[%clk 1:29:37]} 7. Qd2 {[%clk 1:31:24]} b5
{[%clk 1:29:39]} 8. Nge2 {[%clk 1:28:45]} b4 {[%clk 1:28:03]} 9. Nd1
{[%clk 1:29:02]} Nd4 {[%clk 1:15:23]} 10. O-O {[%clk 1:25:47]} Nxe2+
{[%clk 1:05:26]} 11. Qxe2 {[%clk 1:26:01]} Nf6 {[%clk 1:05:40]} 12. h3
{[%clk 1:26:04]} e5 {[%clk 1:05:49]} 13. b3 {[%clk 1:11:16]} O-O {[%clk 1:05:57]}
14. Nb2 {[%clk 1:11:33]} Qc7 {[%clk 1:01:08]} 15. a4 {[%clk 1:10:09]} Be6
{[%clk 0:58:57]} 16. Rae1 {[%clk 0:58:52]} d5 {[%clk 0:58:36]} 17. f3
{[%clk 0:57:55]} c4 {[%clk 0:43:29]} 18. dxc4 dxc4 19. Rc1 {[%clk 0:43:07]} a5
{[%clk 0:40:35]} 20. Nxc4 {[%clk 0:27:04]} Bxc4 {[%clk 0:40:50]} 21. Qxc4
{[%clk 0:24:47]} Qxc4 {[%clk 0:41:08]} 22. bxc4 {[%clk 0:25:08]} Rfc8
{[%clk 0:40:55]} 23. Rfd1 {[%clk 0:21:15]} Rxc4 {[%clk 0:40:49]} 24. Bf1
{[%clk 0:20:31]} Rc3 {[%clk 0:38:30]} 25. Rd3 {[%clk 0:19:06]} Rxd3
{[%clk 0:27:52]} 26. Bxd3 {[%clk 0:18:30]} Bf8 {[%clk 0:28:07]} 27. Kf1
{[%clk 0:16:07]} Nd7 {[%clk 0:25:22]} 28. Bc4 {[%clk 0:13:18]} Bc5
{[%clk 0:14:28]} 29. Ke2 {[%clk 0:10:24]} Bxe3 {[%clk 0:14:34]} 30. Kxe3
{[%clk 0:10:53]} Nc5 {[%clk 0:14:46]} 31. Bb3 {[%clk 0:10:25]} Rd8
{[%clk 0:13:52]} 32. Ke2 {[%clk 0:10:29]} Kf8 {[%clk 0:13:25]} 33. Rd1
{[%clk 0:08:55]} Rxd1 {[%clk 0:12:52]} 34. Kxd1 {[%clk 0:09:24]} f5
{[%clk 0:09:54]} 35. exf5 {[%clk 0:09:45]} gxf5 {[%clk 0:10:22]} 36. Ke2
{[%clk 0:09:05]} Ke7 {[%clk 0:10:33]} 37. Ke3 {[%clk 0:08:56]} Kf6
{[%clk 0:04:25]} 38. h4 {[%clk 0:08:03]} h6 {[%clk 0:03:37]} 39. g4
{[%clk 0:04:36]} Kg6 {[%clk 0:03:02]} 40. Kf2 {[%clk 0:02:39]} Kf6
{[%clk 0:02:24]} 41. Kg3 {[%clk 0:18:32]} Kg6 {[%clk 0:23:26]} 42. Kf2
{[%clk 0:17:06]} e4 {[%clk 0:20:50]} 43. gxf5+ {[%clk 0:13:22]} Kxf5
{[%clk 0:21:03]} 44. fxe4+ {[%clk 0:12:57]} Kxe4 {[%clk 0:21:15]} 45. h5
{[%clk 0:03:19]} Nxb3 {[%clk 0:20:44]} 46. cxb3 {[%clk 0:03:47]} Kd4 0-1